|
|
|
|
| LEADER |
02375nam a2200361 u 4500 |
| 001 |
10117863 |
| 003 |
upatras |
| 005 |
20210117205608.0 |
| 008 |
151009s2005 gr eng |
| 020 |
|
|
|a 9605300796
|
| 040 |
|
|
|a GR-PaULI
|c GR-PaULI
|
| 041 |
0 |
|
|a eng
|
| 082 |
0 |
4 |
|a 570.71
|
| 245 |
1 |
0 |
|a Trends in biology education research in the new biology ERA
|b a selection of papers presented at the Vth Conference of European Researchers in Didactics of Biology (ERIDOB), September 21th - 25th 2004, Patras - Greece
|c ; edited by Marida Ergazaki, Jenny Lewis [and] Vassiliki Zorga
|
| 260 |
|
|
|a Patras
|b Πανεπιστήμιο Πατρών
|c 2005
|
| 300 |
|
|
|a vii, 396 σ.
|c 25 εκ.
|
| 504 |
|
|
|a Περιέχει βιβλιογραφικές αναφορές
|
| 650 |
|
4 |
|a Βιολογία
|x Μελέτη και διδασκαλία
|x Συνέδρια
|z Ευρώπη
|9 146713
|
| 700 |
1 |
|
|a Ergazaki, Marida
|d 1930-
|4 edt
|9 146714
|
| 700 |
1 |
|
|a Lewis, Jenny
|4 edt
|9 146715
|
| 700 |
1 |
|
|a Ζόγκζα, Βασιλική
|4 edt
|9 82647
|
| 852 |
|
|
|a GR-PaULI
|b ΠΑΤΡΑ
|b ΒΚΠ
|b ΒΣ1
|k ΑΣΧΞ
|h 570.71 CON
|m 090303
|p 025000160413
|t 1
|
| 852 |
|
|
|a GR-PaULI
|b ΠΑΤΡΑ
|b ΒΚΠ
|b ΒΣ1
|k ΑΣΧΞ
|h 570.71 CON
|m 090183
|p 025000164929
|t 2
|
| 852 |
|
|
|a GR-PaULI
|b ΠΑΤΡΑ
|b ΒΚΠ
|b ΒΣ1
|k ΑΣΧΞ
|h 570.71 CON
|m 090159
|p 025000158625
|t 3
|
| 852 |
|
|
|a GR-PaULI
|b ΠΑΤΡΑ
|b ΒΚΠ
|b ΒΣ1
|k ΑΣΧΞ
|h 570.71 CON
|m 090178
|p 025000168783
|t 4
|
| 942 |
|
|
|2 ddc
|c BK15
|
| 952 |
|
|
|0 0
|1 0
|2 ddc
|4 0
|6 570_710000000000000_CON
|7 0
|9 185121
|a LISP
|b LISP
|c BSC
|d 2016-04-24
|i 090303
|l 2
|o 570.71 CON
|p 025000160413
|r 2019-09-11 00:00:00
|s 2019-08-28
|t 1
|w 2016-04-24
|y BK15
|
| 952 |
|
|
|0 0
|1 0
|2 ddc
|4 0
|6 570_710000000000000_TRE
|7 0
|9 185122
|a LISP
|b LISP
|c BSC
|d 2016-04-24
|i 090183
|l 0
|o 570.71 TRE
|p 025000164929
|r 2016-04-24 00:00:00
|t 2
|w 2016-04-24
|y BK15
|
| 952 |
|
|
|0 0
|1 0
|2 ddc
|4 0
|6 570_710000000000000_TRE
|7 0
|9 185123
|a LISP
|b LISP
|c BSC
|d 2016-04-24
|i 090159
|l 0
|o 570.71 TRE
|p 025000158625
|r 2016-04-24 00:00:00
|t 3
|w 2016-04-24
|y BK15
|
| 952 |
|
|
|0 0
|1 0
|2 ddc
|4 0
|6 570_710000000000000_TRE
|7 0
|9 185124
|a LISP
|b LISP
|c BSC
|d 2016-04-24
|i 090178
|l 0
|o 570.71 TRE
|p 025000168783
|r 2016-04-24 00:00:00
|t 4
|w 2016-04-24
|y BK15
|
| 952 |
|
|
|0 0
|1 0
|2 ddc
|4 0
|6 570_710000000000000_TRE
|7 0
|9 207073
|a LISP
|b LISP
|c BSC
|d 2016-11-07
|i 089195
|l 0
|o 570.71 TRE
|p 025000163183
|r 2016-11-07 00:00:00
|t 5
|w 2016-11-07
|y BK15
|
| 998 |
|
|
|c ΜΠΟΥΡΑΣ
|d 2015-10
|
| 999 |
|
|
|c 114054
|d 114054
|